EPL Top Goal Scorers 13/14 - Statistics

General Stats
  • This quiz has been taken 842 times
  • The average score is 13 of 23
Answer Stats
Hint Answer % Correct
31 Liverpool Luis Suarez
96%
17 Man City Sergio Aguero
96%
17 Man United Wayne Rooney
94%
21 Liverpool Daniel Sturridge
86%
12 Man United Robin Van Persie
82%
20 Man City Yaya Toure
74%
16 Arsenal Olivier Giroud
72%
16 Man City Eden Dzeko
70%
15 Everton Romelu Lukaku
68%
13 Liverpool Steven Gerrard
68%
14 Chelsea Eden Hazard
66%
9 Liverpool Raheem Sterling
64%
16 Swansea Wilfried Bony
62%
10 Aston Villa Christian Benteke
53%
13 Southampton Rickie Lambert
52%
11 Tottenham Emmanuel Adebayor
37%
10 Arsenal Aaron Ramsey
35%
15 Southampton Jay Rodriguez
35%
9 Man City Alvaro Negredo
28%
9 Man United Danny Welbeck
28%
9 Chelsea Samuel Etoo
27%
14 Newcastle Loic Remy
25%
9 Southampton Adam Lallana
13%
No matching quizzes found
Score Distribution
Percent of People with Each Score
Percentile by Number Answered
Your Score History
You have not taken this quiz